000 00538cam a22001933a 4500
001 45390
003 PGUSA
005 20140828084041.0
008 140414s2014||||xxu|||||s|||||000 | eng d
040 _aPGUSA
_beng
042 _adc
245 1 0 _aWinter :
_bOld Age—The Winter Life
_h[electronic resource] /
_cAnonymous
260 _bProject Gutenberg,
_c2014
506 _aPublic domain in the USA.
516 _aElectronic text
830 0 _aProject Gutenberg
_v45390
856 4 0 _uhttp://www.gutenberg.org/ebooks/45390
942 _cEB
999 _c274641
_d274641